<?xml version="1.0" encoding="UTF-8"?>
<record
    xmlns:xsi="http://www.w3.org/2001/XMLSchema-instance"
    xsi:schemaLocation="http://www.loc.gov/MARC21/slim http://www.loc.gov/standards/marcxml/schema/MARC21slim.xsd"
    xmlns="http://www.loc.gov/MARC21/slim">

  <leader>00772nam a22002177a 4500</leader>
  <controlfield tag="001">84560</controlfield>
  <controlfield tag="003">BD-RjUL</controlfield>
  <controlfield tag="005">20241223141428.0</controlfield>
  <controlfield tag="008">241225s1954    pk            000 0 urd  </controlfield>
  <datafield tag="035" ind1=" " ind2=" ">
    <subfield code="a">(BD-RjUL)84560</subfield>
  </datafield>
  <datafield tag="040" ind1=" " ind2=" ">
    <subfield code="a">DLC</subfield>
    <subfield code="c">DLC</subfield>
    <subfield code="d">DLC</subfield>
    <subfield code="b">eng</subfield>
  </datafield>
  <datafield tag="041" ind1=" " ind2=" ">
    <subfield code="a">urd</subfield>
  </datafield>
  <datafield tag="082" ind1=" " ind2=" ">
    <subfield code="2">23</subfield>
    <subfield code="a">891.43914</subfield>
    <subfield code="b">NIM 1954</subfield>
  </datafield>
  <datafield tag="100" ind1="1" ind2=" ">
    <subfield code="a">Iqbal, Muhammad,</subfield>
    <subfield code="d">1877-1938.</subfield>
  </datafield>
  <datafield tag="245" ind1="1" ind2="0">
    <subfield code="a">&#x645;&#x6A9;&#x627;&#x62A;&#x649;&#x628; &#x627;&#x642;&#x628;&#x627;&#x644; &#x628;&#x646;&#x627;&#x645; &#x62E;&#x627;&#x646; &#x645;&#x62D;&#x645;&#x62F; &#x646;&#x649;&#x627;&#x632; &#x627;&#x644;&#x62F;&#x649;&#x646; &#x62E;&#x627;&#x6BA; ;;    - Mak&#x101;t&#x12B;b-i Iqb&#x101;l ban&#x101;m-i K&#x332;h&#x332;&#x101;n Mu&#x1E25;ammad Niy&#x101;zudd&#x12B;n K&#x332;h&#x332;&#x101;n&#x332; /</subfield>
    <subfield code="c">&#x627;&#x642;&#x628;&#x627;&#x644;&#x60C; &#x645;&#x62D;&#x645;&#x62F;&#x60C; &#x633;&#x631; / Muhammad Iqbal</subfield>
  </datafield>
  <datafield tag="260" ind1=" " ind2=" ">
    <subfield code="a">[Lahore] :</subfield>
    <subfield code="b"> &#x628;&#x632;&#x645; &#x627;&#x642;&#x628;&#x627;&#x644;&#x60C;,,</subfield>
    <subfield code="c">1954.</subfield>
  </datafield>
  <datafield tag="300" ind1=" " ind2=" ">
    <subfield code="a">100 p. ;</subfield>
    <subfield code="c">20 cm.</subfield>
  </datafield>
  <datafield tag="600" ind1=" " ind2=" ">
    <subfield code="a"> Iqbal, Muhammad, Sir, </subfield>
    <subfield code="d">1877-1938</subfield>
    <subfield code="9">14725</subfield>
  </datafield>
  <datafield tag="942" ind1=" " ind2=" ">
    <subfield code="2">ddc</subfield>
    <subfield code="c">BK</subfield>
  </datafield>
  <datafield tag="999" ind1=" " ind2=" ">
    <subfield code="c">84560</subfield>
    <subfield code="d">84560</subfield>
  </datafield>
  <datafield tag="952" ind1=" " ind2=" ">
    <subfield code="0">0</subfield>
    <subfield code="1">0</subfield>
    <subfield code="2">ddc</subfield>
    <subfield code="4">0</subfield>
    <subfield code="7">1</subfield>
    <subfield code="8">NFIC</subfield>
    <subfield code="a">RUCL</subfield>
    <subfield code="b">RUCL</subfield>
    <subfield code="c">Reading</subfield>
    <subfield code="d">2024-12-23</subfield>
    <subfield code="l">0</subfield>
    <subfield code="o">U 891.43914 NIM 1954</subfield>
    <subfield code="r">2024-12-23 00:00:00</subfield>
    <subfield code="t">C-1</subfield>
    <subfield code="w">2024-12-23</subfield>
    <subfield code="y">BK</subfield>
  </datafield>
  <datafield tag="952" ind1=" " ind2=" ">
    <subfield code="0">0</subfield>
    <subfield code="1">0</subfield>
    <subfield code="2">ddc</subfield>
    <subfield code="4">0</subfield>
    <subfield code="7">0</subfield>
    <subfield code="8">NFIC</subfield>
    <subfield code="a">RUCL</subfield>
    <subfield code="b">RUCL</subfield>
    <subfield code="c">GEN</subfield>
    <subfield code="d">1955-04-16</subfield>
    <subfield code="g">4.00</subfield>
    <subfield code="l">0</subfield>
    <subfield code="o">U 891.43914 NIM 1954</subfield>
    <subfield code="r">2025-06-26 00:00:00</subfield>
    <subfield code="t">C-2</subfield>
    <subfield code="w">2025-06-26</subfield>
    <subfield code="y">BK</subfield>
  </datafield>
</record>
